Normal view
MARC view
- DIVYA E
Entry Personal Name
001 - CONTROL NUMBER
- control field: 3396
003 - CONTROL NUMBER IDENTIFIER
- control field: OSt
005 - DATE AND TIME OF LATEST TRANSACTION
- control field: 20180928105036.0
008 - FIXED-LENGTH DATA ELEMENTS
- fixed length control field: 180928|| aca||aabn | a|a d
040 ## - CATALOGING SOURCE
- Original cataloging agency: OSt
- Transcribing agency: OSt
100 ## - HEADING--PERSONAL NAME
- Personal name: DIVYA E
670 ## - SOURCE DATA FOUND
- Source citation: Work cat.: (OSt)15018: DIVYA E NITHYA N. S PARVATHI S, Fabrication and testing of vanilla extractor
